00490nam a2200145Ia 4500008004100000020001800041041000800059082001700067100003900084245012400123250000600247260005300253300001300306650002500319210716s2001 xx 000 0 und d a9780130894908 aeng a658.802 DANG aDandrea, Guillermo;Quelch, John A. aCases in strategic marketing management: business strrategies in latin america.bBusiness strrategies in latin america. a1 aNew JerseybPrentice Hall of India PVt Ltdc2001 aviii,280 aStrategic Management